000 00325nam a2200145Ia 4500
100 _aHornby/A.S/ Parnwell/E.C
650 _aGeneral
942 _cBK
654 _aEnglish Reders Dictionary
245 _aEnglish Reders Dictionary
260 _bOxford
_aOxfard
_c1983
082 _a423
300 _a631
546 _aENGLISH
999 _c32183
_d32183